LEADER 01295nam0-22004331i-450 001 990001865400403321 005 20200206112502.0 010 $a88-386-0885-7 035 $a000186540 035 $aFED01000186540 035 $a(Aleph)000186540FED01 035 $a000186540 100 $a20030910d2001----km-y0itay50------ba 101 0 $aita 102 $aIT 105 $ay-------001yy 200 1 $aIntroduzione al calcolo scientifico$emetodi e applicazioni con Matlab$fGiovanni Naldi, Lorenzo Pareschi, Giovanni Russo 210 $aMilano$cMacGraw-Hill$dc2001 215 $aXI, 455 p.$d24 cm 610 0 $aCalcolo 676 $a515.1 676 $a518.0285536$v23$zita 700 1$aNaldi,$bGiovanni$067469 701 1$aPareschi,$bLorenzo$081889 701 1$aRusso,$bGiovanni$f<1958- >$0330056 801 0$aIT$bUNINA$gRICA$2UNIMARC 901 $aBK 912 $a990001865400403321 952 $a60 518.028 NALG 2001$b8413$fFAGBC 952 $a60 518.028 NALG 2001 BIS$b8414$fFAGBC 952 $a04 013-405$bDIC 4100$fDINCH 952 $a10 B II 628$bDONODALESSIO2019$fDINEL 952 $a02 49 C 59$b7910$fFINBN 959 $aDINEL 959 $aFAGBC 959 $aDINCH 959 $aFINBN 996 $aIntroduzione al calcolo scientifico$9401584 997 $aUNINA LEADER 02007nam0 22004453i 450 001 VAN0268051 005 20240228105246.826 017 70$2N$a9781468483185 100 $a20231128d1977 |0itac50 ba 101 $aeng 102 $aUS 105 $a|||| ||||| 200 1 $aAnalytical Dynamics of Discrete Systems$fReinhardt M. Rosenberg 210 $aNew York$cPlenum$d1977 215 $axviii, 426 p.$cill.$d24 cm 410 1$1001VAN0268026$12001 $aMathematical Concepts and Methods in Science and Engineering$1210 $aNew York$cPlenum ; [poi] Springer 606 $a70-XX$xMechanics of particles and systems [MSC 2020]$3VANC021390$2MF 606 $a70F25$xNonholonomic systems related to the dynamics of a system of particles [MSC 2020]$3VANC024188$2MF 606 $a70H03$xLagrange's equations [MSC 2020]$3VANC029350$2MF 606 $a70G10$xGeneralized coordinates; event, impulse-energy, configuration, state, or phase space for problems in mechanics [MSC 2020]$3VANC037631$2MF 610 $aDynamical systems$9KW:K 610 $aFactor$9KW:K 610 $aForms$9KW:K 610 $aIntegrals$9KW:K 610 $aIntegration$9KW:K 610 $aLanguage$9KW:K 610 $aMechanical engineering$9KW:K 610 $aOperators$9KW:K 610 $aStability$9KW:K 620 $aUS$dNew York$3VANL000011 700 1$aRosenberg$bReinhardt M.$3VANV220271$01437087 712 $aPlenum $3VANV108321$4650 801 $aIT$bSOL$c20240301$gRICA 856 4 $uhttps://doi.org/10.1007/978-1-4684-8318-5$zE-book ? Accesso al full-text attraverso riconoscimento IP di Ateneo, proxy e/o Shibboleth 899 $aBIBLIOTECA DEL DIPARTIMENTO DI MATEMATICA E FISICA$1IT-CE0120$2VAN08 912 $fN 912 $aVAN0268051 950 $aBIBLIOTECA DEL DIPARTIMENTO DI MATEMATICA E FISICA$d08CONS e-book 7364 $e08eMF7364 20231204 996 $aAnalytical Dynamics of Discrete Systems$93597409 997 $aUNICAMPANIA